Statistics for Beautiful Cities by Picture

Click here to take the quiz!

General Stats

  • This quiz has been taken 60 times
  • The average score is 5 of 16

Answer Stats

Answer% Correct
Istanbul
85%
Prague
68%
Bruges
57%
Bern
51%
Hamburg
49%
Riga
30%
Gdansk
23%
Lübeck
23%
Dresden
21%
Antwerp
17%
Valletta
17%
Bamberg
13%
Hallstatt
11%
Utrecht
9%
Maribor
6%
Czesky Krumlov
2%

Score Distribution

Percentile by Number Answered

Percent of People with Each Score

Your Score History

You have not taken this quiz